| 000 | 00726nam a2200217Ii 4500 | ||
|---|---|---|---|
| 001 | 13682 | ||
| 003 | CO-ViMGA | ||
| 008 | 241108s9999||||xx |||||||||||||| ||und|| | ||
| 020 | _a958669111X | ||
| 040 |
_aCO-ViMGA _bspa _erda _cCO-ViMGA |
||
| 041 | 0 | _aspa | |
| 082 | 0 | 4 | _aF.FC 215 - I45c |
| 100 | 1 |
_aIglesia Católica _947994 |
|
| 245 | 1 | 0 |
_aCarta apostólica fides et ratio: _bA los obispos de la iglesia católica sobre las relaciones entre fe y razón |
| 264 | 1 | _aBogotá, Colombia : Instituto Misionero Hijas de San Pablo, 1999 | |
| 300 | _avolumen | ||
| 336 |
_atext _btxt _2rdacontent |
||
| 337 |
_aunmediated _bn _2rdamedia |
||
| 338 |
_avolume _bnc _2rdacarrier |
||
| 940 | _aidficha_siabuc: 13383. -- ficha_no_siabuc:13682 | ||
| 999 |
_c42631 _d42631 |
||